00947nam a2200229 a 450000100100000000500170001000800410002704000250006808200200009310000310011324500560014426000490020030000210024950000640027059000270033465000290036165000310039091000370042195201180045895201240057699900170070000001512620240412074242.0100201s2000 dr 001 j spa d aDO-SdBNPbspacBNPHU aRD863.44bP438v1 aPerez Guante, Carlos9845813aEl viaje de los Pereztroika /cCarlos Perez Guante. aSan Pedro de Macorís :bEditora 23,c2000. a147 p. ;c20 cm. aIncluye datos biográficos del autor en la contracubierta. aInventariado, 2020/MFF 0aCuentos dominicanos9176 0aLiteratura dominicana.967 aValidado. Control de calidad MFF 0010718PDaPDbPDcHDd2010-02-01iLF1l0oRD863.44 P438vp15126-10r2020-06-25w2020-06-25yLFPDZNo se presta 0010718PDaPDbPDcHDd2010-02-01iLF1l0oRD863.44 P438vp15126-20r2020-06-25te. 2w2020-06-25yLFPDZNo se presta c14698d14698